Wird geladen...

The man who saved India : Sardar Patel and his idea of India /

Bibliographische Detailangaben
1. Verfasser: Sengupta, Hindol
Format: Printed Book
Sprache:English
Veröffentlicht: Haryana : Penguin, 2018
Schlagworte:
LEADER 00850 a2200193 4500
008 190218b ||||| |||| 00| 0 eng d
999 |c 300746  |d 300746 
020 |a 9780670089901 
082 |a 923.254P SEN/M 
100 |a Sengupta, Hindol 
245 |a The man who saved India :  |c Hindol Sengupta  |b Sardar Patel and his idea of India / 
260 |b Penguin,  |c 2018  |a Haryana : 
300 |a xIii, 437p. ;  |c 24cm. 
650 |a Patel, Vallabhbhai, 1875-1950 
650 |a Politics and government 
650 |a India 
942 |2 ddc  |c BK 
952 |0 0  |1 0  |2 ddc  |4 0  |6 923_000000000000000_254P_SEN_M  |7 0  |9 343736  |a UL  |b UL  |c ST1  |d 2019-01-15  |g 575.28  |l 4  |m 4  |o 923.254P SEN/M  |p 99064  |r 2021-11-20  |s 2021-10-18  |v 799.00  |y BK 
952 |0 0  |1 0  |2 ddc  |4 0  |6 923_254000000000000_SEN_M  |7 0  |9 381503  |a CSC  |b CSC  |c ST1  |d 2019-04-08  |i 14547  |l 0  |o 923.254 SEN/M  |p CSC14547  |r 2019-04-08  |v 799.00  |w 2019-04-08  |y BK